[Event "56th Hull Congress"]
[Site "Hull"]
[Date "2019.11.02"]
[Round "2"]
[Board "8"]
[White "Okhai, Shabir"]
[Black "Nandi, Robin J"]
[Result "1-0"]
[WhiteElo "2159"]
[BlackElo "1930"]
[PlyCount "0"]
[EventDate "2019.11.01"]
[EventRounds "5"]
[EventCountry "ENG"]

1. e4 {[%clk 01:30:57]} {[%emt 00:00:02]} e5 {[%clk 01:27:54]} {[%emt
00:03:06]} 2. Nf3 {[%clk 01:31:19]} {[%emt 00:00:08]} Nc6 {[%clk 01:28:16]}
{[%emt 00:00:08]} 3. Bc4 {[%clk 01:31:47]} {[%emt 00:00:02]} Nf6 {[%clk
01:28:34]} {[%emt 00:00:13]} 4. d3 {[%clk 01:32:12]} {[%emt 00:00:05]} Bc5
{[%clk 01:28:46]} {[%emt 00:00:17]} 5. c3 {[%clk 01:32:37]} {[%emt 00:00:05]}
O-O {[%clk 01:28:27]} {[%emt 00:00:50]} 6. O-O {[%clk 01:32:47]} {[%emt
00:00:20]} d6 {[%clk 01:27:58]} {[%emt 00:00:59]} 7. a4 {[%clk 01:33:05]}
{[%emt 00:00:12]} a6 {[%clk 01:26:28]} {[%emt 00:01:59]} 8. Na3 {[%clk
01:32:35]} {[%emt 00:01:01]} Ba7 {[%clk 01:26:14]} {[%emt 00:00:44]} 9. Bb3
{[%clk 01:31:47]} {[%emt 00:01:18]} h6 {[%clk 01:25:55]} {[%emt 00:00:49]} 10.
Nc4 {[%clk 01:31:08]} {[%emt 00:01:08]} a5 {[%clk 01:23:13]} {[%emt 00:03:12]}
11. Be3 {[%clk 01:29:59]} {[%emt 00:01:39]} Re8 {[%clk 01:22:54]} {[%emt
00:00:49]} 12. Bxa7 {[%clk 01:30:17]} {[%emt 00:00:13]} Rxa7 {[%clk 01:23:08]}
{[%emt 00:00:15]} 13. Ne3 {[%clk 01:30:25]} {[%emt 00:00:23]} Be6 {[%clk
01:14:08]} {[%emt 00:09:29]} 14. Bc2 {[%clk 01:29:40]} {[%emt 00:01:16]} d5
{[%clk 01:11:03]} {[%emt 00:03:34]} 15. exd5 {[%clk 01:29:21]} {[%emt
00:00:50]} Nxd5 {[%clk 01:10:02]} {[%emt 00:01:31]} 16. Nxd5 {[%clk 01:29:25]}
{[%emt 00:00:25]} Qxd5 {[%clk 01:08:06]} {[%emt 00:02:26]} 17. h3 {[%clk
01:23:42]} {[%emt 00:06:14]} Raa8 {[%clk 01:05:18]} {[%emt 00:03:18]} 18. Re1
{[%clk 01:22:08]} {[%emt 00:02:04]} Rad8 {[%clk 01:03:34]} {[%emt 00:02:13]} 19.
Re3 {[%clk 01:18:56]} {[%emt 00:03:43]} f6 {[%clk 00:59:57]} {[%emt 00:04:06]}
20. Qe2 {[%clk 01:10:41]} {[%emt 00:08:46]} Bf5 {[%clk 00:52:16]} {[%emt
00:08:10]} 21. Re1 {[%clk 01:07:32]} {[%emt 00:03:40]} Re7 {[%clk 00:36:21]}
{[%emt 00:16:24]} 22. Nh4 {[%clk 01:01:52]} {[%emt 00:06:11]} Bh7 {[%clk
00:33:10]} {[%emt 00:03:40]} 23. d4 {[%clk 00:57:23]} {[%emt 00:05:00]} Bxc2
{[%clk 00:31:32]} {[%emt 00:02:08]} 24. Qxc2 {[%clk 00:57:45]} {[%emt
00:00:09]} Rde8 {[%clk 00:29:06]} {[%emt 00:02:55]} 25. Nf5 {[%clk 00:56:05]}
{[%emt 00:02:10]} Re6 {[%clk 00:28:57]} {[%emt 00:00:38]} 26. Rg3 {[%clk
00:54:05]} {[%emt 00:02:31]} exd4 {[%clk 00:25:28]} {[%emt 00:03:58]} 27. Rxe6
{[%clk 00:49:48]} {[%emt 00:04:48]} Rxe6 {[%clk 00:25:26]} {[%emt 00:00:32]} 28.
Nxg7 {[%clk 00:48:07]} {[%emt 00:02:11]} Re1+ {[%clk 00:25:00]} {[%emt
00:00:56]} 29. Kh2 {[%clk 00:48:36]} {[%emt 00:00:01]} d3 {[%clk 00:20:42]}
{[%emt 00:04:49]} 30. Rxd3 {[%clk 00:43:20]} {[%emt 00:05:46]} Qg5 {[%clk
00:15:53]} {[%emt 00:05:19]} 31. Rg3 {[%clk 00:42:38]} {[%emt 00:01:11]} Qc1
{[%clk 00:15:36]} {[%emt 00:00:47]} 32. Nh5+ {[%clk 00:39:27]} {[%emt
00:03:41]} Kf8 {[%clk 00:13:55]} {[%emt 00:02:12]} 33. Qxc1 {[%clk 00:39:39]}
{[%emt 00:00:18]} Rxc1 {[%clk 00:14:17]} {[%emt 00:00:07]} 34. Rf3 {[%clk
00:37:38]} {[%emt 00:02:31]} Rb1 {[%clk 00:13:44]} {[%emt 00:01:02]} 35. Nxf6
{[%clk 00:36:40]} {[%emt 00:01:28]} Rxb2 {[%clk 00:12:29]} {[%emt 00:01:46]} 36.
Nd5+ {[%clk 00:36:29]} {[%emt 00:00:42]} Kg7 {[%clk 00:12:37]} {[%emt
00:00:21]} 37. Nxc7 {[%clk 00:36:39]} {[%emt 00:00:20]} Ra2 {[%clk 00:12:18]}
{[%emt 00:00:49]} 38. Rf4 {[%clk 00:33:02]} {[%emt 00:04:07]} Kg6 {[%clk
00:11:54]} {[%emt 00:00:54]} 39. Kg3 {[%clk 00:31:12]} {[%emt 00:02:21]} Ne5
{[%clk 00:11:37]} {[%emt 00:00:47]} 40. Rd4 {[%clk 00:30:53]} {[%emt 00:00:49]}
h5 {[%clk 00:09:38]} {[%emt 00:02:28]} 41. f4 {[%clk 00:28:06]} {[%emt
00:03:17]} Nf7 {[%clk 00:08:54]} {[%emt 00:01:13]} 42. Kf3 {[%clk 00:26:13]}
{[%emt 00:02:24]} h4 {[%clk 00:05:42]} {[%emt 00:03:43]} 43. Nd5 {[%clk
00:23:43]} {[%emt 00:03:00]} Nh6 {[%clk 00:05:07]} {[%emt 00:01:04]} 44. Ne3
{[%clk 00:23:11]} {[%emt 00:01:03]} Ra3 {[%clk 00:04:11]} {[%emt 00:01:25]} 45.
Rd6+ {[%clk 00:23:17]} {[%emt 00:00:24]} Kg7 {[%clk 00:03:56]} {[%emt
00:00:45]} 46. Rd7+ {[%clk 00:23:25]} {[%emt 00:00:23]} Nf7 {[%clk 00:04:18]}
{[%emt 00:00:07]} 47. Rxb7 {[%clk 00:23:14]} {[%emt 00:00:41]} Rxa4 {[%clk
00:04:34]} {[%emt 00:00:14]} 48. Nf5+ {[%clk 00:22:52]} {[%emt 00:00:52]} Kf6
{[%clk 00:04:37]} {[%emt 00:00:27]} 49. Kg4 {[%clk 00:22:13]} {[%emt 00:01:10]}
Ne5+ {[%clk 00:04:38]} {[%emt 00:00:29]} 50. Kh5 {[%clk 00:21:56]} {[%emt
00:00:46]} Kxf5 {[%clk 00:03:38]} {[%emt 00:01:30]} 51. fxe5 {[%clk 00:22:24]}
{[%emt 00:00:02]} Kxe5 {[%clk 00:03:42]} {[%emt 00:00:27]} 52. Rb5+ {[%clk
00:22:24]} {[%emt 00:00:29]} Kd6 {[%clk 00:03:14]} {[%emt 00:00:57]} 53. Rg5
{[%clk 00:20:42]} {[%emt 00:02:13]} Ke6 {[%clk 00:02:50]} {[%emt 00:00:55]} 54.
c4 {[%clk 00:20:28]} {[%emt 00:00:44]} Rxc4 {[%clk 00:02:44]} {[%emt 00:00:36]}
55. Rxa5 {[%clk 00:20:53]} {[%emt 00:00:05]} Rc8 {[%clk 00:01:35]} {[%emt
00:01:39]} 56. Kxh4 {[%emt 00:00:45]} Rc2 {[%clk 00:01:39]} 57. g4 {[%clk
00:21:01]} {[%emt 00:00:32]} Rc3 {[%clk 00:02:02]} {[%emt 00:00:07]} 58. g5
{[%clk 00:21:14]} {[%emt 00:00:18]} Kf7 {[%clk 00:02:29]} {[%emt 00:00:03]} 59.
Ra6 {[%clk 00:21:33]} {[%emt 00:00:11]} Kg7 {[%clk 00:02:44]} {[%emt 00:00:15]}
60. Kg4 {[%clk 00:21:56]} {[%emt 00:00:07]} Rc4+ {[%clk 00:03:01]} {[%emt
00:00:13]} 61. Kh5 {[%clk 00:22:18]} {[%emt 00:00:07]} Rc7 {[%clk 00:02:53]}
{[%emt 00:00:39]} 62. h4 {[%clk 00:22:33]} {[%emt 00:00:14]} Rb7 {[%clk
00:03:17]} {[%emt 00:00:06]} 63. Ra4 {[%clk 00:22:40]} {[%emt 00:00:23]} Rb1
{[%clk 00:02:07]} {[%emt 00:01:41]} 64. Ra7+ {[%clk 00:23:02]} {[%emt
00:00:08]} Kg8 {[%clk 00:02:07]} {[%emt 00:00:29]} 65. Kh6 {[%clk 00:23:23]}
{[%emt 00:00:09]} Rb6+ {[%clk 00:01:40]} {[%emt 00:00:57]} 66. g6 {[%clk
00:23:46]} {[%emt 00:00:08]} Rb8 {[%clk 00:01:58]} {[%emt 00:00:12]} 67. h5
{[%clk 00:24:01]} {[%emt 00:00:14]} Rc8 {[%clk 00:02:21]} {[%emt 00:00:07]} 68.
Ra5 {[%clk 00:24:26]} {[%emt 00:00:06]} Rb8 {[%clk 00:02:00]} {[%emt 00:00:51]}
69. Kg5 {[%clk 00:24:49]} {[%emt 00:00:07]} Kg7 {[%clk 00:01:48]} {[%emt
00:00:42]} 70. h6+ {[%clk 00:25:07]} {[%emt 00:00:12]} Kg8 {[%clk 00:01:54]}
{[%emt 00:00:24]} 71. Rf5 {[%clk 00:25:19]} {[%emt 00:00:18]} Kh8 {[%clk
00:02:05]} {[%emt 00:00:18]} 72. Rf8+ {[%clk 00:24:52]} {[%emt 00:00:57]} Rxf8
{[%clk 00:02:24]} 73. g7+ {[%clk 00:25:17]} {[%emt 00:00:16]} Kh7 {[%clk
00:00:55]} {[%emt 00:01:59]} 74. gxf8=N+ {[%clk 00:25:41]} {[%emt 00:00:06]}
Kg8 {[%clk 00:01:11]} {[%emt 00:00:14]} 75. Ne6 {[%clk 00:26:02]} {[%emt
00:00:09]} Kh7 {[%clk 00:01:29]} {[%emt 00:00:11]} 76. Nd8 {[%clk 00:26:25]}
{[%emt 00:00:08]} Kh8 {[%clk 00:01:25]} {[%emt 00:00:34]} 77. Kg6 {[%clk
00:26:49]} {[%emt 00:00:06]} Kg8 {[%clk 00:01:43]} {[%emt 00:00:12]} 78. h7+
{[%clk 00:27:16]} {[%emt 00:00:03]} Kh8 {[%clk 00:02:04]} {[%emt 00:00:09]} 79.
Nf7# {[%clk 00:27:45]} {[%emt 00:00:02]}  1-0

[Event "56th Hull Congress"]
[Site "Hull"]
[Date "2019.11.02"]
[Round "2"]
[Board "9"]
[White "Starley, Robert"]
[Black "Gogia, Armaan"]
[Result "1-0"]
[WhiteElo "2086"]
[BlackElo "1866"]
[PlyCount "0"]
[EventDate "2019.11.01"]
[EventRounds "5"]
[EventCountry "ENG"]

1. e4 {[%clk 01:30:59]} c5 {[%clk 01:30:56]} {[%emt 00:00:05]} 2. Nf3 {[%clk
01:31:26]} {[%emt 00:00:04]} d6 {[%clk 01:31:23]} {[%emt 00:00:03]} 3. d4
{[%clk 01:31:52]} {[%emt 00:00:04]} cxd4 {[%clk 01:31:49]} {[%emt 00:00:03]} 4.
Nxd4 {[%clk 01:32:18]} {[%emt 00:00:04]} Nf6 {[%clk 01:32:16]} {[%emt
00:00:03]} 5. Nc3 {[%clk 01:32:43]} {[%emt 00:00:05]} a6 {[%clk 01:32:43]}
{[%emt 00:00:03]} 6. Be2 {[%clk 01:32:59]} {[%emt 00:00:14]} e5 {[%clk
01:33:09]} {[%emt 00:00:04]} 7. Nb3 {[%clk 01:33:25]} {[%emt 00:00:03]} Be7
{[%clk 01:33:34]} {[%emt 00:00:05]} 8. Be3 {[%clk 01:33:23]} {[%emt 00:00:33]}
Be6 {[%clk 01:33:59]} {[%emt 00:00:05]} 9. f4 {[%clk 01:33:13]} {[%emt
00:00:40]} Qc7 {[%clk 01:34:22]} {[%emt 00:00:06]} 10. f5 {[%clk 01:33:21]}
{[%emt 00:00:22]} Bc4 {[%clk 01:34:47]} {[%emt 00:00:05]} 11. O-O {[%clk
01:33:29]} {[%emt 00:00:23]} Nbd7 {[%clk 01:35:14]} {[%emt 00:00:03]} 12. Rf3
{[%clk 01:33:04]} {[%emt 00:00:55]} b5 {[%clk 01:33:58]} {[%emt 00:01:45]} 13.
Rg3 {[%clk 01:32:05]} {[%emt 00:01:30]} Kf8 {[%clk 01:28:55]} {[%emt 00:05:32]}
14. a3 {[%clk 01:29:24]} {[%emt 00:03:11]} Nb6 {[%clk 01:19:03]} {[%emt
00:10:23]} 15. Bf3 {[%clk 01:24:35]} {[%emt 00:05:20]} Rd8 {[%clk 01:14:28]}
{[%emt 00:05:04]} 16. Qe1 {[%clk 01:22:39]} {[%emt 00:02:25]} d5 {[%clk
01:10:21]} {[%emt 00:04:38]} 17. exd5 {[%clk 01:22:29]} {[%emt 00:00:40]} Nfxd5
{[%clk 01:08:24]} {[%emt 00:02:27]} 18. Bf2 {[%clk 01:19:18]} {[%emt 00:03:41]}
Nxc3 {[%clk 01:05:02]} {[%emt 00:03:52]} 19. bxc3 {[%clk 01:17:10]} {[%emt
00:02:38]} Nd5 {[%clk 01:01:39]} {[%emt 00:03:52]} 20. Nd2 {[%clk 01:09:52]}
{[%emt 00:07:49]} Bh4 {[%clk 00:59:28]} {[%emt 00:02:41]} 21. Nxc4 {[%clk
01:07:05]} {[%emt 00:03:17]} Bxg3 {[%clk 00:58:52]} {[%emt 00:01:06]} 22. Bxg3
{[%clk 01:06:58]} {[%emt 00:00:37]} Qxc4 {[%clk 00:58:10]} {[%emt 00:01:11]} 23.
Bxe5 {[%clk 01:06:17]} {[%emt 00:01:13]} f6 {[%clk 00:50:38]} {[%emt 00:08:02]}
24. Bd4 {[%clk 01:06:06]} {[%emt 00:00:40]} Re8 {[%clk 00:46:16]} {[%emt
00:04:52]} 25. Qg3 {[%clk 01:05:15]} {[%emt 00:01:20]} Rd8 {[%clk 00:39:08]}
{[%emt 00:07:38]} 26. Bh5 {[%clk 01:00:19]} {[%emt 00:05:26]} Ne7 {[%clk
00:35:36]} {[%emt 00:04:02]} 27. Qf2 {[%clk 00:51:36]} {[%emt 00:09:12]} Rd5
{[%clk 00:33:00]} {[%emt 00:03:07]} 28. Re1 {[%clk 00:49:10]} {[%emt 00:02:56]}
Qc6 {[%clk 00:24:30]} {[%emt 00:09:00]} 29. Bf3 {[%clk 00:46:07]} {[%emt
00:03:34]} Kf7 {[%clk 00:23:16]} {[%emt 00:01:43]} 30. Re6 {[%clk 00:39:33]}
{[%emt 00:07:04]} Qd7 {[%clk 00:18:51]} {[%emt 00:04:55]} 31. Bh5+ {[%clk
00:39:00]} {[%emt 00:01:03]} Kf8 {[%clk 00:17:15]} {[%emt 00:02:05]} 32. Bc5
{[%clk 00:38:11]} {[%emt 00:01:21]} Qxe6 {[%clk 00:16:04]} {[%emt 00:01:41]} 33.
fxe6 {[%clk 00:38:07]} {[%emt 00:00:34]} Rxh5 {[%clk 00:16:29]} {[%emt
00:00:05]} 34. Qd4 {[%clk 00:37:34]} {[%emt 00:01:02]}  1-0

[Event "56th Hull Congress"]
[Site "Hull"]
[Date "2019.11.02"]
[Round "2"]
[Board "10"]
[White "Sheppard, Derek A"]
[Black "Milson, Samuel A"]
[Result "0-1"]
[WhiteElo "1717"]
[BlackElo "2080"]
[PlyCount "0"]
[EventDate "2019.11.01"]
[EventRounds "5"]
[EventCountry "ENG"]

1. d4 {[%clk 01:30:55]} {[%emt 00:00:04]} d5 {[%clk 01:30:49]} {[%emt
00:00:11]} 2. Nf3 {[%clk 01:31:16]} {[%emt 00:00:09]} Nf6 {[%clk 01:31:11]}
{[%emt 00:00:09]} 3. c4 {[%clk 01:31:38]} {[%emt 00:00:07]} c6 {[%clk
01:31:32]} {[%emt 00:00:08]} 4. cxd5 {[%clk 01:32:01]} {[%emt 00:00:09]} cxd5
{[%clk 01:31:46]} {[%emt 00:00:16]} 5. Nc3 {[%clk 01:32:23]} {[%emt 00:00:07]}
Nc6 {[%clk 01:31:56]} {[%emt 00:00:21]} 6. Bf4 {[%clk 01:31:39]} {[%emt
00:01:13]} Bf5 {[%clk 01:27:01]} {[%emt 00:05:25]} 7. Qb3 {[%clk 01:23:18]}
{[%emt 00:08:50]} Qb6 {[%clk 01:17:45]} {[%emt 00:09:47]} 8. Qxb6 {[%clk
01:21:00]} {[%emt 00:02:49]} axb6 {[%clk 01:17:53]} {[%emt 00:00:22]} 9. a3
{[%clk 01:18:57]} {[%emt 00:02:32]} e6 {[%clk 01:17:10]} {[%emt 00:01:13]} 10.
e3 {[%clk 01:16:17]} {[%emt 00:03:10]} h6 {[%clk 01:13:11]} {[%emt 00:04:29]}
11. Bb5 {[%clk 01:11:10]} {[%emt 00:05:37]} Nd7 {[%clk 01:11:39]} {[%emt
00:02:02]} 12. Rc1 {[%clk 01:08:37]} {[%emt 00:03:02]} Be7 {[%clk 01:10:33]}
{[%emt 00:01:36]} 13. O-O {[%clk 01:08:31]} {[%emt 00:00:36]} O-O {[%clk
01:10:40]} {[%emt 00:00:24]} 14. h3 {[%clk 01:05:50]} {[%emt 00:03:11]} g5
{[%clk 01:06:34]} {[%emt 00:04:36]} 15. Bh2 {[%clk 01:05:09]} {[%emt 00:01:10]}
Bg6 {[%clk 01:05:35]} {[%emt 00:01:30]} 16. Ne2 {[%clk 00:59:33]} {[%emt
00:06:07]} Rfc8 {[%clk 01:04:23]} {[%emt 00:01:42]} 17. Rc3 {[%clk 00:56:44]}
{[%emt 00:03:18]} Ra5 {[%clk 00:58:28]} {[%emt 00:06:25]} 18. Bxc6 {[%clk
00:52:39]} {[%emt 00:04:35]} bxc6 {[%clk 00:55:14]} {[%emt 00:03:44]} 19. Rfc1
{[%clk 00:50:41]} {[%emt 00:02:28]} c5 {[%clk 00:52:49]} {[%emt 00:02:55]} 20.
b4 {[%clk 00:47:36]} {[%emt 00:03:35]} Raa8 {[%clk 00:52:07]} {[%emt 00:01:12]}
21. bxc5 {[%clk 00:47:31]} {[%emt 00:00:36]} bxc5 {[%clk 00:52:27]} {[%emt
00:00:09]} 22. dxc5 {[%clk 00:43:29]} {[%emt 00:04:31]} Rxc5 {[%clk 00:52:35]}
{[%emt 00:00:23]} 23. Ne5 {[%clk 00:40:49]} {[%emt 00:03:09]} Rxc3 {[%clk
00:49:40]} {[%emt 00:03:25]} 24. Rxc3 {[%clk 00:41:02]} {[%emt 00:00:18]} Nxe5
{[%clk 00:47:03]} {[%emt 00:03:08]} 25. Bxe5 {[%clk 00:41:19]} {[%emt
00:00:12]} Bxa3 {[%clk 00:47:14]} {[%emt 00:00:19]} 26. Rc7 {[%clk 00:36:05]}
{[%emt 00:05:44]} Bf8 {[%clk 00:43:56]} {[%emt 00:03:49]} 27. Nd4 {[%clk
00:35:03]} {[%emt 00:01:31]} f6 {[%clk 00:40:54]} {[%emt 00:03:33]} 28. Bg3
{[%clk 00:33:27]} {[%emt 00:02:05]} e5 {[%clk 00:39:18]} {[%emt 00:02:06]} 29.
Ne6 {[%clk 00:30:51]} {[%emt 00:03:05]} Bf7 {[%clk 00:36:45]} {[%emt 00:03:04]}
30. Nxf8 {[%clk 00:30:50]} {[%emt 00:00:30]} Kxf8 {[%clk 00:37:10]} {[%emt
00:00:06]} 31. Kf1 {[%clk 00:26:32]} {[%emt 00:04:48]} Ra1+ {[%clk 00:29:27]}
{[%emt 00:08:13]} 32. Ke2 {[%clk 00:26:42]} {[%emt 00:00:18]} Ra2+ {[%clk
00:29:50]} {[%emt 00:00:08]} 33. Kf1 {[%clk 00:24:10]} {[%emt 00:03:02]} Be6
{[%clk 00:26:06]} {[%emt 00:04:15]} 34. f3 {[%clk 00:23:11]} {[%emt 00:01:29]}
Bf5 {[%clk 00:19:02]} {[%emt 00:07:34]} 35. Bf2 {[%clk 00:20:45]} {[%emt
00:02:56]} Bd3+ {[%clk 00:15:33]} {[%emt 00:04:00]} 36. Kg1 {[%clk 00:17:18]}
{[%emt 00:03:56]} Ra1+ {[%clk 00:15:01]} {[%emt 00:01:02]} 37. Kh2 {[%clk
00:17:40]} {[%emt 00:00:07]} Rf1 {[%clk 00:15:19]} {[%emt 00:00:12]} 38. Bg1
{[%clk 00:17:50]} {[%emt 00:00:20]} Bf5 {[%clk 00:14:08]} {[%emt 00:01:42]} 39.
Rc5 {[%clk 00:16:08]} {[%emt 00:02:12]} Be6 {[%clk 00:14:06]} {[%emt 00:00:32]}
40. Rc7 {[%clk 00:15:23]} {[%emt 00:01:15]} h5 {[%clk 00:13:09]} {[%emt
00:01:28]} 41. g4 {[%clk 00:15:32]} {[%emt 00:00:19]} Rxf3 {[%clk 00:13:21]}
{[%emt 00:00:19]} 42. Kg2 {[%clk 00:14:49]} {[%emt 00:01:13]} hxg4 {[%clk
00:13:23]} {[%emt 00:00:28]} 43. hxg4 {[%clk 00:15:01]} {[%emt 00:00:17]} Bxg4
{[%clk 00:12:57]} {[%emt 00:00:57]} 44. Rc5 {[%clk 00:13:43]} {[%emt 00:01:47]}
Rf5 {[%clk 00:11:34]} {[%emt 00:01:54]}  0-1

[Event "56th Hull Congress"]
[Site "Hull"]
[Date "2019.11.02"]
[Round "2"]
[Board "11"]
[White "Maladkar, Lavanya"]
[Black "Ackley, Peter Je"]
[Result "0-1"]
[WhiteElo "1648"]
[BlackElo "2008"]
[PlyCount "0"]
[EventDate "2019.11.01"]
[EventRounds "5"]
[EventCountry "ENG"]

1. d4 {[%clk 01:30:39]} {[%emt 00:00:20]} e6 {[%clk 01:30:44]} {[%emt
00:00:16]} 2. e4 {[%clk 01:30:26]} {[%emt 00:00:44]} d5 {[%clk 01:31:08]}
{[%emt 00:00:05]} 3. e5 {[%clk 01:30:09]} {[%emt 00:00:47]} c5 {[%clk
01:30:22]} {[%emt 00:01:16]} 4. c3 {[%clk 01:24:28]} {[%emt 00:06:12]} Nc6
{[%clk 01:30:43]} {[%emt 00:00:09]} 5. Nf3 {[%clk 01:24:35]} {[%emt 00:00:22]}
Qb6 {[%clk 01:29:12]} {[%emt 00:02:01]} 6. Be2 {[%clk 01:20:01]} {[%emt
00:05:05]} Nh6 {[%clk 01:28:40]} {[%emt 00:01:02]} 7. O-O {[%clk 01:18:27]}
{[%emt 00:02:03]} cxd4 {[%clk 01:28:48]} {[%emt 00:00:22]} 8. cxd4 {[%clk
01:14:38]} {[%emt 00:04:19]} Nf5 {[%clk 01:28:58]} {[%emt 00:00:20]} 9. Nc3
{[%clk 01:11:01]} {[%emt 00:04:08]} Nfxd4 {[%clk 01:24:44]} {[%emt 00:04:44]}
10. Nxd4 {[%clk 01:07:57]} {[%emt 00:03:34]} Qxd4 {[%clk 01:23:55]} {[%emt
00:01:19]} 11. Qxd4 {[%clk 01:05:03]} {[%emt 00:03:23]} Nxd4 {[%clk 01:24:14]}
{[%emt 00:00:11]} 12. Bd3 {[%clk 01:04:27]} {[%emt 00:01:07]} Bd7 {[%clk
01:21:35]} {[%emt 00:03:08]} 13. Rb1 {[%clk 01:00:33]} {[%emt 00:04:25]} Be7
{[%clk 01:12:39]} {[%emt 00:09:25]} 14. Re1 {[%clk 00:57:15]} {[%emt 00:03:48]}
O-O {[%clk 01:10:12]} {[%emt 00:02:58]} 15. b4 {[%clk 00:54:23]} {[%emt
00:03:22]} f6 {[%clk 01:07:04]} {[%emt 00:03:37]} 16. exf6 {[%clk 00:46:50]}
{[%emt 00:08:02]} Bxf6 {[%clk 01:07:19]} {[%emt 00:00:16]} 17. Bb2 {[%clk
00:46:24]} {[%emt 00:00:56]} Rac8 {[%clk 01:05:16]} {[%emt 00:02:33]} 18. Rbc1
{[%clk 00:44:05]} {[%emt 00:02:49]} Nc6 {[%clk 00:59:25]} {[%emt 00:06:21]} 19.
a3 {[%clk 00:41:48]} {[%emt 00:02:48]} Ne5 {[%clk 00:54:56]} {[%emt 00:04:58]}
20. Bf1 {[%clk 00:33:51]} {[%emt 00:08:26]} Nc4 {[%clk 00:54:32]} {[%emt
00:00:55]} 21. Bxc4 {[%clk 00:33:10]} {[%emt 00:01:11]} Rxc4 {[%clk 00:54:45]}
{[%emt 00:00:17]} 22. Nd1 {[%clk 00:25:25]} {[%emt 00:08:15]} Rfc8 {[%clk
00:51:39]} {[%emt 00:03:35]} 23. Rxc4 {[%clk 00:25:02]} {[%emt 00:00:53]} Rxc4
{[%clk 00:51:56]} 24. h3 {[%clk 00:22:22]} {[%emt 00:03:23]} Kf7 {[%clk
00:49:54]} {[%emt 00:02:32]} 25. Bxf6 {[%clk 00:16:51]} {[%emt 00:06:02]} gxf6
{[%clk 00:50:01]} {[%emt 00:00:23]} 26. Nb2 {[%clk 00:16:51]} {[%emt 00:00:31]}
Rc3 {[%clk 00:49:15]} {[%emt 00:01:15]} 27. Ra1 {[%clk 00:16:06]} {[%emt
00:01:15]} e5 {[%clk 00:48:27]} {[%emt 00:01:17]} 28. Rd1 {[%clk 00:14:55]}
{[%emt 00:01:42]} Ke6 {[%clk 00:47:18]} {[%emt 00:01:39]} 29. Nd3 {[%clk
00:13:40]} {[%emt 00:01:45]} b6 {[%clk 00:46:47]} {[%emt 00:01:01]} 30. g4
{[%clk 00:13:02]} {[%emt 00:01:08]} Bb5 {[%clk 00:41:59]} {[%emt 00:05:18]} 31.
Ne1 {[%clk 00:12:15]} {[%emt 00:01:17]} Rxa3 {[%clk 00:41:18]} {[%emt
00:01:11]} 32. Kg2 {[%clk 00:11:17]} {[%emt 00:01:27]} Rb3 {[%clk 00:41:04]}
{[%emt 00:00:44]} 33. Nc2 {[%clk 00:11:06]} {[%emt 00:00:42]} Rb2 {[%clk
00:37:38]} {[%emt 00:03:56]} 34. Rc1 {[%clk 00:09:14]} {[%emt 00:02:22]} d4
{[%clk 00:36:00]} {[%emt 00:02:08]} 35. Na3 {[%clk 00:08:36]} {[%emt 00:01:07]}
Be2 {[%clk 00:32:08]} {[%emt 00:04:22]} 36. Nc4 {[%clk 00:06:30]} {[%emt
00:02:36]} Rxb4 {[%clk 00:31:43]} {[%emt 00:00:55]} 37. Nd2 {[%clk 00:06:22]}
{[%emt 00:00:39]} Bd3 {[%clk 00:22:42]} {[%emt 00:09:31]} 38. Rc6+ {[%clk
00:05:57]} {[%emt 00:00:55]} Ke7 {[%clk 00:20:40]} {[%emt 00:02:31]} 39. Rc7+
{[%clk 00:05:36]} {[%emt 00:00:51]} Kd6 {[%clk 00:21:01]} {[%emt 00:00:10]} 40.
Rxa7 {[%clk 00:05:30]} {[%emt 00:00:35]} Rb2 {[%clk 00:20:59]} {[%emt
00:00:32]} 41. Nf1 {[%clk 00:03:50]} {[%emt 00:02:11]} e4 {[%clk 00:20:35]}
{[%emt 00:00:54]} 42. Ra4 {[%clk 00:03:00]} {[%emt 00:01:20]} Ke5 {[%clk
00:19:44]} {[%emt 00:01:20]} 43. Ra8 {[%clk 00:03:07]} {[%emt 00:00:24]} e3
{[%clk 00:19:27]} {[%emt 00:00:47]} 44. Re8+ {[%clk 00:02:58]} {[%emt
00:00:38]} Kd5 {[%clk 00:19:22]} {[%emt 00:00:35]} 45. Nxe3+ {[%clk 00:01:26]}
{[%emt 00:02:03]} dxe3 {[%clk 00:19:35]} {[%emt 00:00:15]} 46. Rxe3 {[%clk
00:01:52]} {[%emt 00:00:05]} Be4+ {[%clk 00:19:11]} {[%emt 00:00:54]}  0-1